000
00201nam a2200085 4500
001
1254907
005
20251128141422.0
245
_a
HAYVANLAR DÜNYASI
_c
POPÜLER BİLİM KİTAPLARI
260
_b
İLETİŞİM
999
_c
1254907
_d
1254907